Tégy hozzá még egy cseppet a tengerből halszószellátás és fogyasztás /

Elmentve itt :
Bibliográfiai részletek
Szerző: Magyarosi Henrietta Dorottya
Testületi szerző: Országos Tudományos Diákköri Konferencia (37.)
Dokumentumtípus: Könyv része
Megjelent: Szegedi Tudományegyetem Bölcsészet- és Társadalomtudományi Kar Szeged 2025
Sorozat:Országos Tudományos Diákköri Konferencia : Humán Tudományi Szekció
Kulcsszavak:Régészet - leletek - római kor - Dacia - előadáskivonat
Tárgyszavak:
Online Access:http://acta.bibl.u-szeged.hu/87572
LEADER 00999naa a2200217 i 4500
001 acta87572
005 20250529075659.0
008 250529s2025 hu o 100 hun d
020 |a 978-963-688-043-9 
040 |a SZTE Egyetemi Kiadványok Repozitórium  |b hun 
041 |a hun 
100 1 |a Magyarosi Henrietta Dorottya 
245 1 0 |a Tégy hozzá még egy cseppet a tengerből   |h [elektronikus dokumentum] :  |b halszószellátás és fogyasztás /  |c  Magyarosi Henrietta Dorottya 
260 |a Szegedi Tudományegyetem Bölcsészet- és Társadalomtudományi Kar  |b Szeged  |c 2025 
300 |a 209 
490 0 |a Országos Tudományos Diákköri Konferencia : Humán Tudományi Szekció 
650 4 |a Bölcsészettudományok 
650 4 |a Történettudomány és régészet 
695 |a Régészet - leletek - római kor - Dacia - előadáskivonat 
710 |a Országos Tudományos Diákköri Konferencia (37.)  |c Szeged 
856 4 0 |u http://acta.bibl.u-szeged.hu/87572/1/otdk_2025_human_209.pdf  |z Dokumentum-elérés